| 000 | 00000ngm 2200000zi 4500 |
| 001 | 9.894988 |
| 003 | CaOODSP |
| 005 | 20220318114306 |
| 006 | m o c f |
| 007 | cr cna|||||||| |
| 008 | 210104s2020 onc010 fo vleng d |
| 040 | |aCaOODSP|beng|erda|cCaOODSP |
| 086 | 1 |aCS892-00005/2020-16E-MP4 |
| 245 | 00|aDemo 16 - semi-automated mapping in QGIS with the Atlas Panel. |
| 264 | 1|a[Ottawa] : |bStatistics Canada = Statistique Canada, |c[2020] |
| 300 | |a1 online resource (1 video file (09 min., 31 sec.)) : |bsound, colour |
| 336 | |atwo dimensional moving image|btdi|2rdacontent |
| 337 | |acomputer|bc|2rdamedia |
| 338 | |aonline resource|bcr|2rdacarrier |
| 500 | |aIssued also in French under title: Démo 16 - cartographie semi-automatisée dans QGIS à l'aide du panneau d'Atlas. |
| 500 | |aTitle from title frames. |
| 500 | |aVideo transcript in HTML format provided by publisher. |
| 520 | |a"This QGIS tutorial covers semi-automated mapping over multiple areas of interest using a coverage layer, which defines the map areas, and the Atlas Panel in the Print Layout window. These procedures facilitate rapidly generating maps - reducing manual efforts in production"--Provided by publisher. |
| 538 | |aSystem requirements: Multimedia player software such as Windows Media Player. |
| 538 | |aMode of access: World Wide Web. |
| 650 | 0|aGeographic information systems|xStudy and teaching. |
| 650 | 0|aGeospatial data|xComputer processing|xStudy and teaching. |
| 655 | 7|aInstructional and educational works|2lcgft |
| 655 | 7|aInternet videos|2lcgft |
| 710 | 2 |aStatistics Canada, |eissuing body. |
| 775 | 08|tDémo 16 - cartographie semi-automatisée dans QGIS à l'aide du panneau d'Atlas.|w(CaOODSP)9.894989 |
| 856 | 40|qMP4|s45.87 MB|uhttps://publications.gc.ca/collections/collection_2020/statcan/892-00005/CS892-00005-2020-16-eng.mp4|z(video) |
| 856 | 4 |qHTML|sN/A|uhttps://www.statcan.gc.ca/eng/wtc/online-lectures/qgis/2020016|z(transcript) |
| 986 | |a89-20-0005 |